| 000 | 00000nam 2200000zi 4500 |
| 001 | 9.940013 |
| 003 | CaOODSP |
| 005 | 20250113091747 |
| 006 | m o d f |
| 007 | cr |n||||||||| |
| 008 | 240628e198510##onc o f|0| 0 eng d |
| 040 | |aCaOODSP|beng|erda|cCaOODSP |
| 043 | |an-cn-nf |
| 086 | 1 |aEn4-655/2-1985E-PDF |
| 245 | 00|aEnvironment Canada review of the Hibernia Development Project as presented to the Hibernia Environmental Assessment Panel : |bposition statement. |
| 246 | 14|aEnvironment Canada review of the Hibernia Devleopment Project : |benvironmental impact statement |
| 264 | 1|a[Ottawa] : |bEnvironment Canada = Environnement Canada, |cOctober, 1985. |
| 300 | |a1 online resource (8, 3 pages) |
| 336 | |atext|btxt|2rdacontent |
| 337 | |acomputer|bc|2rdamedia |
| 338 | |aonline resource|bcr|2rdacarrier |
| 500 | |aDigitized edition from print [produced by Environment and Climate Change Canada]. |
| 650 | 0|aEnvironmental impact statements|zGrand Banks of Newfoundland. |
| 650 | 0|aPetroleum in submerged lands|xEnvironmental aspects|zNewfoundland and Labrador. |
| 650 | 0|aOffshore oil industry|xEnvironmental aspects|zNewfoundland and Labrador. |
| 650 | 6|aEnvironnement|xÉtudes d'impact|zTerre-Neuve, Grand-Banc de. |
| 650 | 6|aPétrole offshore|xAspect de l'environnement|zTerre-Neuve-et-Labrador. |
| 650 | 6|aPétrole offshore|xIndustrie|xAspect de l'environnement|zTerre-Neuve-et-Labrador. |
| 710 | 1 |aCanada. |bEnvironment Canada, |eissuing body. |
| 856 | 40|qPDF|s524 KB|uhttps://publications.gc.ca/collections/collection_2024/eccc/en4/En4-655-2-1985-eng.pdf |